00471cam a2200169 4500001001100000008004100011035001500052050002100067100002700088245005200115260003100167300002100198500001500219504002100234650002500255650002100280BFIL008402 1932 spa  aBFIL008402 4aPQ7797b.O24 A531 aObligado, Pedro Miguel 3aLa Isla de los cantos /cPedro miguel Obligado. aBuenos Aires :bTor,c1932 a150 p. ;c18 cm. a1 ejemplar aIncliye índice 4aLiteratura Argentina 4aPoesia Argentina